Statistiche per Riconosci la Squadra di calcio - Quiz n°148

Clicka qui per fare il quiz!

Statistiche generali

  • Questo quiz è stato fatto 2 volte
  • Il punteggio medio è 4 su 9

Statistiche sulle risposte

IndizioRisposta% Corretto
Trofei internazionali0
100%
Titoli nazionali2 Titoli d'Inghilterra
100%
Trofei nazionali2 Coppe d'Inghilterra
1 Community Shield
50%
Colori socialiBlu, bianco, rosso
50%
Divisione nazionale 2023-2024Terza
50%
ConfederazioneUEFA
50%
Fondazione1898
0%
Capienza Stadio21 110 posti
0%
SquadraPortsmouth
0%

Distribuzione punteggi

Percentile per numero di risposta

Percentuale di utenti per punteggio

I tuoi punteggi nel tempo

Non hai fatto questo quiz